[Event "29. Klatovy A 2023"]
[Site "Klatovy"]
[Date "2023.07.03"]
[Round "3.25"]
[White "Strnad, Jakub"]
[Black "Simak, Roman"]
[Result "1/2-1/2"]
[WhiteElo "1957"]
[BlackElo "1838"]
[PlyCount "43"]
[EventDate "2023.07.01"]
[EventType "swiss"]
[EventRounds "9"]
[EventCountry "CZE"]

1. e4 d6 2. d4 Nf6 3. Nc3 Nc6 4. Bb5 Bd7 5. Nf3 e5 6. O-O Be7 7. Re1 O-O 8. Bg5 Ng4 9. Bxe7 Qxe7 10. Nd5 Qd8 11. h3 Nf6 12. Bc4 Nxd5 13. Bxd5 Qe7 14. Qd2 Rad8 15. Rad1 Nxd4 16. Nxd4 exd4 17. Qxd4 b6 18. e5 Be6 19. Qc4 dxe5 20. Rxe5 Rfe8 21. Rde1 Rd6 22. Bxe6 1/2-1/2

[Event "29. Klatovy A 2023"]
[Site "Klatovy"]
[Date "2023.07.03"]
[Round "3.26"]
[White "Benes, Jachym"]
[Black "Flajsman, Petr"]
[Result "0-1"]
[WhiteElo "1806"]
[BlackElo "1956"]
[PlyCount "66"]
[EventDate "2023.07.01"]
[EventType "swiss"]
[EventRounds "9"]
[EventCountry "CZE"]

1. d4 Nf6 2. c4 e6 3. Nf3 d5 4. Nc3 c6 5. Bg5 Nbd7 6. e3 Be7 7. cxd5 exd5 8. Bd3 h6 9. Bh4 Ne4 10. Bxe7 Qxe7 11. Qc2 f5 12. O-O O-O 13. Rab1 g5 14. Ne2 Rf6 15. b4 b5 16. a4 a6 17. Rfc1 Bb7 18. Qb2 Re8 19. axb5 axb5 20. Ra1 Nxf2 21. Kxf2 Qxe3+ 22. Kf1 Qxd3 23. Ra3 Rxe2 24. Qxe2 Qxa3 25. Qe8+ Nf8 26. Re1 Qd3+ 27. Kg1 g4 28. Ne5 Qxd4+ 29. Kh1 Qxb4 30. Nd7 Qxe1+ 31. Qxe1 Nxd7 32. Qe8+ Nf8 33. Qe7 Re6 0-1

[Event "29. Klatovy A 2023"]
[Site "Klatovy"]
[Date "2023.07.03"]
[Round "3.27"]
[White "Kucera, Petr2"]
[Black "Sedmihradsky, Tomas"]
[Result "0-1"]
[WhiteElo "1935"]
[BlackElo "1775"]
[PlyCount "102"]
[EventDate "2023.07.01"]
[EventType "swiss"]
[EventRounds "9"]
[EventCountry "CZE"]

1. e4 e5 2. Nf3 Nc6 3. Bb5 a6 4. Ba4 Nf6 5. O-O Be7 6. c3 b5 7. Bc2 O-O 8. d4 exd4 9. e5 Nd5 10. cxd4 Bb7 11. Nc3 Ncb4 12. Bb1 Nxc3 13. bxc3 Nd5 14. Qd3 f5 15. exf6 Nxf6 16. Re1 Bxf3 17. Qxf3 d5 18. Qh3 Bd6 19. Bg5 h6 20. Bg6 hxg5 21. Qe6+ Kh8 22. Re3 g4 23. Qf5 Ng8 24. Qxg4 Nh6 25. Qh5 Bf4 26. Re6 Qg5 27. Qe2 Rad8 28. Bc2 Rd6 29. Qd3 g6 30. Rae1 Rxe6 31. Rxe6 Nf5 32. Qh3+ Qh6 33. Qxh6+ Bxh6 34. Rxg6 Bd2 35. Rc6 Rf7 36. Bb3 Ne3 37. h3 Nc4 38. Rc5 Rd7 39. a4 b4 40. cxb4 Bxb4 41. Rc6 Na5 42. Rxa6 Nxb3 43. Ra8+ Kg7 44. Rb8 Nxd4 45. Rxb4 c5 46. Rb1 Ne2+ 47. Kf1 Nc3 48. Ra1 d4 49. a5 d3 50. a6 d2 51. a7 d1=R+ 0-1

[Event "29. Klatovy A 2023"]
[Site "Klatovy"]
[Date "2023.07.03"]
[Round "3.28"]
[White "Hlavacek, Ondrej 1999"]
[Black "Mik, Tomas"]
[Result "0-1"]
[WhiteElo "1780"]
[BlackElo "1940"]
[PlyCount "138"]
[EventDate "2023.07.01"]
[EventType "swiss"]
[EventRounds "9"]
[EventCountry "CZE"]

1. Nf3 Nf6 2. g3 g6 3. c4 c6 4. Bg2 Bg7 5. Nc3 d5 6. cxd5 cxd5 7. d4 O-O 8. O-O Ne4 9. Qb3 Nxc3 10. bxc3 Nc6 11. Nd2 e6 12. e4 Na5 13. Qc2 b6 14. Nb3 Nc4 15. Nd2 Ba6 16. Re1 Qd7 17. exd5 exd5 18. Nxc4 Bxc4 19. Bf4 Rfe8 20. Re3 Rxe3 21. Bxe3 Re8 22. a4 a6 23. Qb2 Qc6 24. Bh3 Qf6 25. Rb1 b5 26. axb5 axb5 27. Ra1 h5 28. Qd2 Qc6 29. Qc1 h4 30. Ra7 hxg3 31. hxg3 Qb6 32. Qa3 b4 33. cxb4 Bxd4 34. Ra8 Rxa8 35. Qxa8+ Kg7 36. Qe8 Bxe3 37. Qxe3 Qxb4 38. Qd4+ Kg8 39. Kh2 Qe1 40. Bg2 Qe6 41. Bh3 Qe4 42. Qxe4 dxe4 43. g4 g5 44. Kg3 Kg7 45. f4 Kf6 46. Bg2 e3 47. fxg5+ Kxg5 48. Bf3 e2 49. Kf2 Kf4 50. Bc6 Kxg4 51. Be8 f6 52. Bc6 Kf4 53. Be8 Ke4 54. Bh5 Kf4 55. Be8 Bd3 56. Bh5 Bb5 57. Bf7 Ke4 58. Bh5 Kd4 59. Bg6 Kc3 60. Ke1 Kd4 61. Kf2 Ba6 62. Bh5 f5 63. Bf3 Ke5 64. Bxe2 Bxe2 65. Kxe2 Ke4 66. Kf2 Kf4 67. Ke2 Kg3 68. Kf1 Kf3 69. Kg1 Ke2 0-1

[Event "29. Klatovy A 2023"]
[Site "Klatovy"]
[Date "2023.07.03"]
[Round "3.29"]
[White "Pick, Stepan"]
[Black "Kovar, Petr"]
[Result "1/2-1/2"]
[WhiteElo "1911"]
[BlackElo "1879"]
[PlyCount "31"]
[EventDate "2023.07.01"]
[EventType "swiss"]
[EventRounds "9"]
[EventCountry "CZE"]

1. Nf3 Nf6 2. c4 c5 3. Nc3 g6 4. d4 cxd4 5. Nxd4 Bg7 6. e4 Nc6 7. Be2 O-O 8. O-O d6 9. Be3 Qd7 10. f3 b6 11. Qd2 Rd8 12. Rac1 Bb7 13. Rfd1 Rac8 14. Nxc6 Bxc6 15. Qe1 Qe8 16. Bf1 1/2-1/2

[Event "29. Klatovy A 2023"]
[Site "Klatovy"]
[Date "2023.07.03"]
[Round "3.30"]
[White "Ruessel, Bernhard"]
[Black "Vana, Jan 2010"]
[Result "0-1"]
[WhiteElo "1852"]
[BlackElo "1890"]
[PlyCount "114"]
[EventDate "2023.07.01"]
[EventType "swiss"]
[EventRounds "9"]
[EventCountry "CZE"]

1. d4 Nf6 2. Nf3 c5 3. e3 d5 4. dxc5 e6 5. Bd3 Bxc5 6. O-O O-O 7. Nbd2 Nc6 8. c3 e5 9. e4 dxe4 10. Nxe4 Nxe4 11. Bxe4 f6 12. Qb3+ Kh8 13. Qc4 Qe7 14. Bc2 Be6 15. Qh4 Bg8 16. Bd2 g5 17. Qa4 Be6 18. b4 g4 19. Ne1 Bb6 20. b5 Na5 21. Bb3 Rac8 22. Nc2 Nc4 23. Bh6 Rfd8 24. Ne3 Nxe3 25. Bxe3 Rxc3 26. Bxb6 axb6 27. Bxe6 Qxe6 28. Qa7 Rc5 29. a4 Rd7 30. Rad1 Rcc7 31. Rc1 Qd6 32. g3 Kg7 33. a5 Rxc1 34. Rxc1 Qa3 35. Rb1 Qxa5 36. Qb8 Qa2 37. Rc1 Qb2 38. Rc7 Qb1+ 39. Kg2 Qxb5 40. Qxb7 Rxc7 41. Qxc7+ Kg6 42. Qc8 Qd5+ 43. Kg1 h5 44. Qe8+ Kg5 45. Qf8 Qd1+ 46. Kg2 Qf3+ 47. Kg1 Qd3 48. Qg7+ Qg6 49. Qc7 Qb1+ 50. Kg2 b5 51. Qg7+ Qg6 52. Qd7 Qe4+ 53. Kg1 b4 54. h4+ gxh3 55. Qxh3 b3 56. f4+ Kg6 57. Qc8 Qb1+ 0-1

[Event "29. Klatovy A 2023"]
[Site "Klatovy"]
[Date "2023.07.01"]
[Round "1.18"]
[White "Folk, Petr"]
[Black "Roubal, Matyas"]
[Result "1/2-1/2"]
[WhiteElo "2135"]
[BlackElo "1886"]
[PlyCount "105"]
[EventDate "2023.07.01"]
[EventType "swiss"]
[EventRounds "9"]
[EventCountry "CZE"]
[TimeControl "120+30"]

1. e4 {[%emt 0:02:15]} c5 {[%emt 0:00:05]} 2. Nf3 {[%emt 0:00:44]} Nc6 {[%emt 0:00:04]} 3. d4 {[%emt 0:00:27]} cxd4 {[%emt 0:00:04]} 4. Nxd4 {[%emt 0:00:00]} g6 {[%emt 0:00:06]} 5. Nc3 {[%emt 0:00:00]} Bg7 {[%emt 0:01:29]} 6. Be3 {[%emt 0:00:00]} Nf6 {[%emt 0:00:00]} 7. Bc4 {[%emt 0:00:00]} O-O {[%emt 0:00:00]} 8. Bb3 {[%emt 0:00:00]} Re8 {[%emt 0:00:00]} 9. O-O {[%emt 0:00:00]} d6 {[%emt 0:00:00]} 10. h3 {[%emt 0:00:00]} Na5 {[%emt 0:00:00]} 11. f4 {[%emt 0:00:00]} Nxb3 {[%emt 0:00:00]} 12. axb3 {[%emt 0:00:00]} b6 {[%emt 0:00:00]} 13. Nf3 {[%emt 0:00:00]} Bb7 {[%emt 0:00:00]} 14. Qd3 {[%emt 0:00:00]} e5 {[%emt 0:00:00]} 15. fxe5 {[%emt 0:00:00]} dxe5 {[%emt 0:00:00]} 16. Qxd8 {[%emt 0:00:00]} Rexd8 {[%emt 0:00:00]} 17. Nxe5 {[%emt 0:00:00]} Re8 {[%emt 0:00:00]} 18. Nc4 {[%emt 0:00:00]} Nxe4 {[%emt 0:00:00]} 19. Nb5 {[%emt 0:00:00]} Be5 {[%emt 0:00:00]} 20. Nxe5 {[%emt 0:00:00]} Rxe5 {[%emt 0:00:00]} 21. Rxa7 Rxa7 22. Nxa7 Ng3 23. Re1 Nf5 24. Bf2 Rxe1+ 25. Bxe1 Ne3 26. c4 Nxg2 27. Bf2 Nf4 28. Kh2 Kf8 29. Bxb6 Ke7 30. Nb5 Nd3 31. Bd4 f5 32. Nc3 f4 33. h4 Ke6 34. Nd1 Kf5 35. Nf2 Nxf2 36. Bxf2 Ke4 37. b4 Kd3 38. b3 Ke2 39. Kg1 h6 40. b5 g5 41. hxg5 hxg5 42. c5 g4 43. c6 Ba8 44. Kg2 g3 45. Bg1 Kd3 46. Kf3 Kc3 47. Kxf4 Kb4 48. c7 Bb7 49. b6 Kb5 50. Kxg3 Kc6 51. Kf4 Bc8 52. Ke5 Kb7 53. Kd6 1/2-1/2

[Event "29. Klatovy A 2023"]
[Site "Klatovy"]
[Date "2023.07.04"]
[Round "4.1"]
[White "Vorisek, Jaroslav"]
[Black "Slovak, Kilian"]
[Result "1/2-1/2"]
[WhiteElo "2260"]
[BlackElo "2297"]
[PlyCount "102"]
[EventDate "2023.07.01"]
[EventType "swiss"]
[EventRounds "9"]
[EventCountry "CZE"]
[TimeControl "120+30"]

1. d4 {[%emt 0:00:05]} Nf6 {[%emt 0:00:15]} 2. Nf3 {[%emt 0:00:12]} g6 {[%emt 0:00:07]} 3. g3 {[%emt 0:00:14]} Bg7 {[%emt 0:00:06]} 4. Bg2 {[%emt 0:00:06]} O-O {[%emt 0:00:08]} 5. c4 {[%emt 0:00:41]} d6 {[%emt 0:00:16]} 6. O-O {[%emt 0:00:08]} Bf5 {[%emt 0:00:07]} 7. Nh4 {[%emt 0:12:42]} Be4 {[%emt 0:00:16]} 8. f3 {[%emt 0:00:19]} Bc6 {[%emt 0:00:13]} 9. e4 {[%emt 0:07:44]} e5 {[%emt 0:01:10]} 10. Be3 {[%emt 0:05:18]} Bd7 {[%emt 0:05:34]} 11. Qd2 {[%emt 0:03:57]} Nh5 {[%emt 0:14:55]} 12. Nc3 {[%emt 0:13:35]} Nc6 {[%emt 0:02:46]} 13. d5 {[%emt 0:09:34]} Nb8 {[%emt 0:00:21]} 14. Bh6 {[%emt 0:06:56]} a5 {[%emt 0:04:31]} 15. Rf2 {[%emt 0:06:47]} Na6 {[%emt 0:02:18]} 16. Bf1 {[%emt 0:05:24]} Nc5 {[%emt 0:05:17]} 17. Be2 {[%emt 0:00:16]} Nf4 {[%emt 0:06:26]} 18. Bxg7 {[%emt 0:13:17]} Nh3+ {[%emt 0:02:23]} 19. Kg2 {[%emt 0:00:15]} Kxg7 {[%emt 0:00:18]} 20. Rff1 {[%emt 0:00:11]} Ng5 {[%emt 0:02:58]} 21. Kh1 {[%emt 0:03:48]} h6 {[%emt 0:15:44]} 22. Bd3 {[%emt 0:02:45]} c6 {[%emt 0:04:46]} 23. Bc2 {[%emt 0:04:20]} cxd5 {[%emt 0:00:44]} 24. Nxd5 {[%emt 0:00:46]} b5 {[%emt 0:08:44]} 25. Qe3 {[%emt 0:10:13]} Nge6 {[%emt 0:10:00]} 26. Nf5+ {[%emt 0:02:27]} gxf5 {[%emt 0:00:27]} 27. exf5 {[%emt 0:00:02]} f6 {[%emt 0:01:45]} 28. fxe6 {[%emt 0:03:51]} Bxe6 {[%emt 0:00:02]} 29. b3 {[%emt 0:00:36]} bxc4 {[%emt 0:03:30]} 30. bxc4 {[%emt 0:00:01]} Rb8 {[%emt 0:01:00]} 31. Rab1 {[%emt 0:00:06]} Bxd5 {[%emt 0:13:23]} 32. cxd5 {[%emt 0:00:03]} Rxb1 {[%emt 0:02:44]} 33. Rxb1 {[%emt 0:00:59]} Qa8 {[%emt 0:02:24]} 34. Qd2 {[%emt 0:02:00]} Qa6 {[%emt 0:00:55]} 35. Bf5 {[%emt 0:00:31]} Rf7 {[%emt 0:01:48]} 36. Kg2 {[%emt 0:03:56]} a4 {[%emt 0:08:51]} 37. Rb4 {[%emt 0:03:39]} e4 {[%emt 0:04:32]} 38. Bxe4 {[%emt 0:04:12]} Rb7 {[%emt 0:00:43]} 39. Rxb7+ {[%emt 0:03:03]} Qxb7 {[%emt 0:00:06]} 40. Bf5 {[%emt 0:02:51]} a3 {[%emt 0:01:14]} 41. Kh3 {[%emt 0:00:22]} Qf7 {[%emt 0:02:33]} 42. Kh4 {[%emt 0:01:11]} Qb7 {[%emt 0:03:08]} 43. Qd4 {[%emt 0:00:49]} Qb2 {[%emt 0:00:20]} 44. Qg4+ {[%emt 0:00:36]} Kf8 {[%emt 0:00:00]} 45. Qg6 {[%emt 0:00:39]} Qxh2+ {[%emt 0:00:49]} 46. Bh3 {[%emt 0:00:00]} Qb2 {[%emt 0:02:01]} 47. Qxh6+ {[%emt 0:00:05]} Kf7 {[%emt 0:00:44]} 48. Qh7+ {[%emt 0:00:11]} Kf8 {[%emt 0:00:17]} 49. Qh8+ {[%emt 0:01:23]} Kf7 {[%emt 0:00:01]} 50. Qh5+ {[%emt 0:01:10]} Kf8 {[%emt 0:00:13]} 51. Qh6+ {[%emt 0:00:44]} Kf7 {[%emt 0:00:00]} 1/2-1/2

[Event "29. Klatovy A 2023"]
[Site "Klatovy"]
[Date "2023.07.04"]
[Round "4.2"]
[White "Filindash, Nikita"]
[Black "Neuman, Petr"]
[Result "0-1"]
[WhiteElo "2011"]
[BlackElo "2398"]
[PlyCount "108"]
[EventDate "2023.07.01"]
[EventType "swiss"]
[EventRounds "9"]
[EventCountry "CZE"]
[TimeControl "120+30"]

1. d4 {[%emt 0:00:02]} Nf6 {[%emt 0:00:09]} 2. c4 {[%emt 0:00:05]} g6 {[%emt 0:00:04]} 3. Nc3 {[%emt 0:00:04]} Bg7 {[%emt 0:00:05]} 4. e4 {[%emt 0:00:01]} O-O {[%emt 0:00:11]} 5. Nf3 {[%emt 0:00:02]} d6 {[%emt 0:00:07]} 6. Be2 {[%emt 0:00:04]} e5 {[%emt 0:00:17]} 7. O-O {[%emt 0:00:12]} Na6 {[%emt 0:00:07]} 8. Be3 {[%emt 0:00:23]} Ng4 {[%emt 0:00:12]} 9. Bg5 {[%emt 0:00:05]} Qe8 {[%emt 0:00:07]} 10. dxe5 {[%emt 0:00:04]} dxe5 {[%emt 0:00:07]} 11. h3 {[%emt 0:00:06]} h6 {[%emt 0:00:08]} 12. Bd2 {[%emt 0:00:01]} Nf6 {[%emt 0:00:12]} 13. Be3 {[%emt 0:00:03]} Qe7 {[%emt 0:00:27]} 14. Nd5 {[%emt 0:01:01]} Qd8 {[%emt 0:00:13]} 15. Qc2 {[%emt 0:00:55]} c6 {[%emt 0:00:29]} 16. Nc3 {[%emt 0:08:55]} Qe7 {[%emt 0:03:21]} 17. Rad1 {[%emt 0:08:07]} Nh5 {[%emt 0:01:32]} 18. Qd2 {[%emt 0:00:09]} Kh7 {[%emt 0:03:47]} 19. Ne1 {[%emt 0:00:49]} Nf4 {[%emt 0:01:50]} 20. Bxf4 {[%emt 0:04:53]} exf4 {[%emt 0:02:05]} 21. Nd3 {[%emt 0:02:28]} g5 {[%emt 0:00:26]} 22. Bf3 {[%emt 0:00:48]} Nc5 {[%emt 0:07:35]} 23. Rfe1 {[%emt 0:07:28]} Nxd3 {[%emt 0:06:08]} 24. Qxd3 {[%emt 0:00:14]} Be5 {[%emt 0:00:09]} 25. Nd5 {[%emt 0:02:26]} Qc5 {[%emt 0:11:43]} 26. b4 {[%emt 0:01:49]} Qd6 {[%emt 0:00:05]} 27. c5 {[%emt 0:03:31]} Qg6 {[%emt 0:00:23]} 28. Ne7 {[%emt 0:01:59]} Qf6 {[%emt 0:00:09]} 29. Nxc8 {[%emt 0:00:48]} Rfxc8 {[%emt 0:00:31]} 30. Qd7 {[%emt 0:02:32]} Rc7 {[%emt 0:00:06]} 31. Qf5+ {[%emt 0:01:07]} Kg7 {[%emt 0:01:22]} 32. Rd3 {[%emt 0:01:29]} a5 {[%emt 0:01:01]} 33. Ra3 {[%emt 0:01:58]} Qxf5 {[%emt 0:01:24]} 34. exf5 {[%emt 0:00:37]} Kf6 35. Be4 {[%emt 0:04:39]} Rd7 {[%emt 0:06:37]} 36. b5 {[%emt 0:01:08]} Rd2 37. bxc6 {[%emt 0:02:25]} bxc6 {[%emt 0:00:00]} 38. Bf3 {[%emt 0:00:00]} Bd4 39. Re2 Rxe2 {[%emt 0:00:00]} 40. Bxe2 {[%emt 0:00:00]} Kxf5 {[%emt 0:14:05]} 41. Bf3 {[%emt 0:00:18]} Ke5 {[%emt 0:03:31]} 42. Rd3 {[%emt 0:02:27]} Ra6 {[%emt 0:03:35]} 43. Rd1 {[%emt 0:04:32]} Bxc5 {[%emt 0:00:20]} 44. Rc1 {[%emt 0:00:07]} Kd6 {[%emt 0:00:13]} 45. Rd1+ {[%emt 0:00:03]} Kc7 {[%emt 0:00:07]} 46. Rc1 {[%emt 0:00:51]} Bd4 {[%emt 0:00:15]} 47. Rc2 {[%emt 0:00:25]} Kd6 {[%emt 0:03:01]} 48. Be4 {[%emt 0:02:55]} Rb6 {[%emt 0:00:48]} 49. Kf1 {[%emt 0:00:13]} c5 {[%emt 0:00:15]} 50. Ke2 {[%emt 0:00:08]} Ke5 {[%emt 0:01:00]} 51. f3 {[%emt 0:02:13]} a4 {[%emt 0:04:32]} 52. Kd3 {[%emt 0:00:04]} f5 {[%emt 0:00:34]} 53. Ba8 {[%emt 0:00:09]} a3 {[%emt 0:04:45]} 54. Kc4 {[%emt 0:00:02]} Kd6 {[%emt 0:00:22]} 0-1

[Event "29. Klatovy A 2023"]
[Site "Klatovy"]
[Date "2023.07.04"]
[Round "4.3"]
[White "Horak, Martin"]
[Black "Janous, Marek"]
[Result "1-0"]
[WhiteElo "2266"]
[BlackElo "2185"]
[PlyCount "41"]
[EventDate "2023.07.01"]
[EventType "swiss"]
[EventRounds "9"]
[EventCountry "CZE"]
[TimeControl "120+30"]

1. e4 {[%emt 0:00:02]} c5 {[%emt 0:04:00]} 2. Nf3 {[%emt 0:00:06]} Nc6 {[%emt 0:00:06]} 3. d4 {[%emt 0:00:13]} cxd4 {[%emt 0:00:07]} 4. Nxd4 {[%emt 0:00:03]} Nf6 {[%emt 0:00:10]} 5. Nc3 {[%emt 0:00:05]} d6 {[%emt 0:00:08]} 6. Bg5 {[%emt 0:00:18]} e6 {[%emt 0:00:16]} 7. Qd2 {[%emt 0:00:06]} a6 {[%emt 0:00:05]} 8. O-O-O {[%emt 0:00:05]} Bd7 {[%emt 0:00:08]} 9. Kb1 {[%emt 0:00:05]} Be7 {[%emt 0:00:20]} 10. f3 {[%emt 0:00:21]} Nxd4 {[%emt 0:04:05]} 11. Qxd4 {[%emt 0:00:09]} Qa5 {[%emt 0:00:25]} 12. h4 {[%emt 0:02:46]} Rc8 {[%emt 0:06:58]} 13. g4 {[%emt 0:04:04]} O-O {[%emt 0:20:00]} 14. Qd2 {[%emt 0:04:03]} Qc7 {[%emt 0:04:04]} 15. e5 {[%emt 0:01:33]} dxe5 {[%emt 0:04:17]} 16. Bxf6 {[%emt 0:00:07]} Bxf6 {[%emt 0:00:20]} 17. Qxd7 {[%emt 0:00:12]} Qb6 {[%emt 0:00:09]} 18. Qd6 {[%emt 0:10:27]} Rc6 {[%emt 0:55:40]} 19. Qa3 {[%emt 0:00:22]} Qf2 {[%emt 0:00:59]} 20. Bd3 {[%emt 0:03:19]} Rb6 {[%emt 0:03:31]} 21. g5 {[%emt 0:02:39]} 1-0

[Event "29. Klatovy A 2023"]
[Site "Klatovy"]
[Date "2023.07.04"]
[Round "4.4"]
[White "Jurek, Josef"]
[Black "Jun, Rudolf"]
[Result "1/2-1/2"]
[WhiteElo "2251"]
[BlackElo "2223"]
[PlyCount "44"]
[EventDate "2023.07.01"]
[EventType "swiss"]
[EventRounds "9"]
[EventCountry "CZE"]
[TimeControl "120+30"]

1. Nf3 {[%emt 0:00:16]} d5 {[%emt 0:00:34]} 2. e3 {[%emt 0:00:55]} c5 {[%emt 0:00:54]} 3. b3 {[%emt 0:01:46]} Nf6 {[%emt 0:02:10]} 4. Bb2 {[%emt 0:00:32]} Nc6 {[%emt 0:00:22]} 5. Bb5 {[%emt 0:01:18]} Bd7 {[%emt 0:00:50]} 6. O-O {[%emt 0:00:55]} a6 {[%emt 0:01:50]} 7. Bxc6 {[%emt 0:00:32]} Bxc6 {[%emt 0:00:05]} 8. d3 {[%emt 0:04:59]} g6 {[%emt 0:02:25]} 9. Ne5 {[%emt 0:03:04]} Bg7 {[%emt 0:02:02]} 10. Nxc6 {[%emt 0:01:23]} bxc6 {[%emt 0:00:08]} 11. Nd2 {[%emt 0:02:22]} O-O {[%emt 0:00:37]} 12. Qe2 {[%emt 0:02:49]} Qd6 {[%emt 0:04:26]} 13. Nf3 {[%emt 0:02:16]} Nd7 {[%emt 0:03:41]} 14. Bxg7 {[%emt 0:00:42]} Kxg7 {[%emt 0:00:06]} 15. c4 {[%emt 0:13:28]} e5 {[%emt 0:00:53]} 16. cxd5 {[%emt 0:00:45]} cxd5 {[%emt 0:00:10]} 17. e4 {[%emt 0:00:22]} f5 {[%emt 0:00:52]} 18. exd5 {[%emt 0:02:38]} Qxd5 {[%emt 0:00:06]} 19. Rac1 {[%emt 0:04:35]} a5 {[%emt 0:03:23]} 20. Qc2 {[%emt 0:02:11]} Rfb8 {[%emt 0:07:45]} 21. Qc4 {[%emt 0:07:10]} Qxc4 {[%emt 0:03:13]} 22. Rxc4 {[%emt 0:05:10]} Kf6 {[%emt 0:01:32]} 1/2-1/2

[Event "29. Klatovy A 2023"]
[Site "Klatovy"]
[Date "2023.07.04"]
[Round "4.5"]
[White "Straka, Vojtech"]
[Black "Ret, Adam Josef"]
[Result "1-0"]
[WhiteElo "2433"]
[BlackElo "2133"]
[PlyCount "93"]
[EventDate "2023.07.01"]
[EventType "swiss"]
[EventRounds "9"]
[EventCountry "CZE"]
[TimeControl "120+30"]

1. d4 {[%emt 0:00:06]} d5 {[%emt 0:00:06]} 2. c4 {[%emt 0:00:09]} e6 {[%emt 0:00:04]} 3. Nc3 {[%emt 0:00:09]} a6 {[%emt 0:00:18]} 4. cxd5 {[%emt 0:07:21]} exd5 {[%emt 0:00:05]} 5. Nf3 {[%emt 0:00:19]} c6 {[%emt 0:00:31]} 6. Qc2 {[%emt 0:03:13]} Bd6 {[%emt 0:05:17]} 7. Bg5 {[%emt 0:00:55]} f6 {[%emt 0:04:36]} 8. Bh4 {[%emt 0:00:46]} Ne7 {[%emt 0:00:59]} 9. e3 {[%emt 0:01:03]} Bf5 {[%emt 0:01:43]} 10. Bd3 {[%emt 0:00:18]} Qd7 {[%emt 0:01:22]} 11. O-O-O {[%emt 0:04:05]} Bxd3 {[%emt 0:03:42]} 12. Qxd3 {[%emt 0:01:30]} Qf5 {[%emt 0:01:08]} 13. e4 {[%emt 0:04:45]} dxe4 {[%emt 0:01:47]} 14. Nxe4 {[%emt 0:00:10]} Bf4+ {[%emt 0:04:13]} 15. Kb1 {[%emt 0:02:03]} O-O {[%emt 0:24:03]} 16. g3 {[%emt 0:38:55]} Bc7 {[%emt 0:05:16]} 17. g4 {[%emt 0:00:35]} Qb5 {[%emt 0:05:36]} 18. Qc2 {[%emt 0:03:33]} Nd7 {[%emt 0:03:53]} 19. Bg3 {[%emt 0:04:27]} Nd5 {[%emt 0:07:47]} 20. Nc5 {[%emt 0:16:54]} Nxc5 {[%emt 0:13:54]} 21. dxc5 {[%emt 0:00:41]} Rfe8 {[%emt 0:06:26]} 22. Rxd5 {[%emt 0:25:07]} cxd5 {[%emt 0:02:14]} 23. Bxc7 {[%emt 0:00:11]} Re2 {[%emt 0:02:00]} 24. a4 {[%emt 0:06:28]} Rxc2 {[%emt 0:02:11]} 25. axb5 {[%emt 0:00:36]} Rxc5 {[%emt 0:06:10]} 26. b6 {[%emt 0:00:31]} Kf7 {[%emt 0:07:28]} 27. Re1 {[%emt 0:01:34]} Rc4 {[%emt 0:00:10]} 28. h3 {[%emt 0:00:24]} a5 {[%emt 0:01:00]} 29. Rd1 {[%emt 0:01:22]} a4 {[%emt 0:00:44]} 30. Rxd5 {[%emt 0:02:27]} a3 {[%emt 0:00:08]} 31. bxa3 {[%emt 0:00:09]} Rxa3 {[%emt 0:00:04]} 32. Nd2 {[%emt 0:00:18]} Rc6 {[%emt 0:02:27]} 33. Ne4 {[%emt 0:02:36]} Rb3+ {[%emt 0:01:00]} 34. Ka2 {[%emt 0:00:04]} Rb4 {[%emt 0:00:53]} 35. Rc5 {[%emt 0:02:18]} Re6 {[%emt 0:01:26]} 36. f3 {[%emt 0:00:39]} g5 {[%emt 0:02:40]} 37. Rc3 {[%emt 0:00:44]} Kg6 {[%emt 0:01:20]} 38. Rb3 {[%emt 0:00:09]} Rc4 {[%emt 0:03:01]} 39. Kb2 {[%emt 0:00:14]} Rec6 {[%emt 0:01:30]} 40. Rc3 {[%emt 0:00:41]} Rb4+ {[%emt 0:00:17]} 41. Kc2 {[%emt 0:01:02]} Re6 {[%emt 0:00:57]} 42. Nc5 {[%emt 0:00:20]} Rexb6 {[%emt 0:04:30]} 43. Bxb6 {[%emt 0:00:26]} Rxb6 {[%emt 0:00:00]} 44. Nd7 {[%emt 0:01:10]} Rd6 {[%emt 0:00:14]} 45. Rc7 {[%emt 0:00:11]} Rc6+ {[%emt 0:01:29]} 46. Rxc6 {[%emt 0:00:05]} bxc6 {[%emt 0:00:05]} 47. Nb8 {[%emt 0:00:11]} 1-0

[Event "29. Klatovy A 2023"]
[Site "Klatovy"]
[Date "2023.07.04"]
[Round "4.6"]
[White "Hurdzan, Tomas"]
[Black "Pycha, Patrik"]
[Result "1-0"]
[WhiteElo "2309"]
[BlackElo "2058"]
[PlyCount "93"]
[EventDate "2023.07.01"]
[EventType "swiss"]
[EventRounds "9"]
[EventCountry "CZE"]
[TimeControl "120+30"]

1. e4 {[%emt 0:00:05]} e5 {[%emt 0:00:11]} 2. Nf3 {[%emt 0:00:09]} Nf6 {[%emt 0:00:05]} 3. Nc3 {[%emt 0:02:23]} Bb4 {[%emt 0:00:57]} 4. Nxe5 {[%emt 0:01:07]} O-O {[%emt 0:02:11]} 5. Be2 {[%emt 0:02:08]} Re8 {[%emt 0:02:25]} 6. Nd3 {[%emt 0:00:18]} Bxc3 {[%emt 0:00:53]} 7. dxc3 {[%emt 0:00:07]} Nxe4 {[%emt 0:00:24]} 8. Nf4 {[%emt 0:05:46]} Nc6 {[%emt 0:06:43]} 9. O-O {[%emt 0:01:00]} d6 {[%emt 0:01:29]} 10. Re1 {[%emt 0:13:48]} Nc5 {[%emt 0:07:14]} 11. c4 {[%emt 0:14:39]} Bf5 {[%emt 0:03:36]} 12. Nd5 {[%emt 0:02:00]} a5 {[%emt 0:04:59]} 13. b3 {[%emt 0:07:20]} Re6 {[%emt 0:10:38]} 14. Be3 {[%emt 0:09:08]} Nb4 {[%emt 0:03:40]} 15. Nxb4 {[%emt 0:01:17]} axb4 {[%emt 0:02:30]} 16. Qd2 {[%emt 0:02:09]} Qe7 {[%emt 0:02:57]} 17. Bf3 {[%emt 0:04:01]} Re8 {[%emt 0:04:44]} 18. Qxb4 {[%emt 0:15:44]} Bxc2 {[%emt 0:02:32]} 19. Qc3 {[%emt 0:00:42]} Bg6 {[%emt 0:02:51]} 20. Rf1 {[%emt 0:06:00]} Ne4 {[%emt 0:04:44]} 21. Qb2 {[%emt 0:00:37]} h5 {[%emt 0:06:59]} 22. a4 {[%emt 0:02:00]} h4 {[%emt 0:00:38]} 23. h3 {[%emt 0:00:20]} c6 {[%emt 0:02:35]} 24. a5 {[%emt 0:04:59]} Ng5 {[%emt 0:07:29]} 25. Bxg5 {[%emt 0:00:49]} Qxg5 {[%emt 0:00:06]} 26. Qd4 {[%emt 0:05:53]} Bf5 {[%emt 0:03:33]} 27. Kh1 {[%emt 0:00:36]} Rf6 {[%emt 0:06:10]} 28. Qc3 {[%emt 0:03:54]} Qf4 {[%emt 0:02:25]} 29. Qc1 {[%emt 0:01:36]} Qd4 {[%emt 0:03:19]} 30. Qd1 {[%emt 0:02:16]} Qc3 {[%emt 0:03:09]} 31. a6 {[%emt 0:06:20]} bxa6 {[%emt 0:00:37]} 32. Bxc6 {[%emt 0:00:50]} Re5 {[%emt 0:10:58]} 33. Rc1 {[%emt 0:03:46]} Qb2 {[%emt 0:01:28]} 34. Bf3 {[%emt 0:02:34]} Ra5 {[%emt 0:03:44]} 35. Qe1 {[%emt 0:02:47]} Ra2 {[%emt 0:01:14]} 36. Qc3 {[%emt 0:00:42]} Qa3 {[%emt 0:07:08]} 37. Ra1 {[%emt 0:00:18]} a5 {[%emt 0:00:59]} 38. Kg1 {[%emt 0:00:45]} a4 {[%emt 0:03:33]} 39. Rxa2 {[%emt 0:00:27]} Qxa2 {[%emt 0:00:05]} 40. bxa4 {[%emt 0:00:23]} Qxa4 {[%emt 0:00:36]} 41. Ra1 {[%emt 0:00:07]} Qc2 {[%emt 0:01:41]} 42. Qd4 {[%emt 0:00:02]} Qd3 {[%emt 0:02:19]} 43. Qxh4 {[%emt 0:01:02]} Rh6 {[%emt 0:00:16]} 44. Qf4 {[%emt 0:00:22]} Re6 {[%emt 0:01:53]} 45. Bd5 {[%emt 0:01:06]} Rf6 {[%emt 0:02:23]} 46. Qh4 {[%emt 0:00:23]} g5 {[%emt 0:02:01]} 47. Ra8+ {[%emt 0:00:55]} 1-0